Rozšírená realita pre priestorovú orientáciu diplomová práca

Saved in:
Bibliographic Details
Main Author: Vražel, Alex
Corporate Author: Fakulta hospodárskej informatiky EU. Katedra aplikovanej informatiky
Other Authors: Rakovská, Eva, 1963-
Format: Book
Language:Slovak
Published: Bratislava 2024
Tags: Add Tag
No Tags, Be the first to tag this record!

MARC

LEADER 00000nbm a2200000 4500
001 0301105
005 20260126131237.6
041 0 |a slo 
044 |a SK 
245 1 0 |a Rozšírená realita pre priestorovú orientáciu  |b diplomová práca  |c Alex Vražel ; školiteľ: Eva Rakovská 
264 1 |a Bratislava  |c 2024 
300 |a 89 s. 
100 1 |a Vražel, Alex 
700 1 |a Rakovská, Eva, 1963- 
710 2 |a Fakulta hospodárskej informatiky EU. Katedra aplikovanej informatiky